Canto a la tierra (Record no. 8914)

MARC details
000 -CABECERA
campo de control de longitud fija 00865nam a2200265 a 4500
001 - NÚMERO DE CONTROL
campo de control BRL_101
005 - FECHA Y HORA DE LA ÚLTIMA TRANSACCIÓN
campo de control 20190320210605.0
008 - DATOS DE LONGITUD FIJA--INFORMACIÓN GENERAL
campo de control de longitud fija 890516s1986 mx-a#####b---#000-0#spa-#
020 ## - NÚMERO INTERNACIONAL ESTÁNDAR DEL LIBRO
Número Internacional Estándar del Libro 968884036X
040 ## - FUENTE DE LA CATALOGACIÓN
Centro catalogador/agencia de origen DLC
Centro/agencia transcriptor DLC
Centro/agencia modificador CU
041 ## - CÓDIGO DE LENGUA
Código de lengua del texto/banda sonora o título independiente spaeng
044 ## - CÓDIGO DEL PAÍS DE LA ENTIDAD EDITORA/PRODUCTORA
Código MARC del país mx
050 #4 - SIGNATURA TOPOGRÁFICA DE LA BIBLIOTECA DEL CONGRESO
Número de clasificación ND259.R5
Número de documento/Ítem .R63 1986
100 1# - ENTRADA PRINCIPAL--NOMBRE DE PERSONA
Nombre de persona Rodríguez, Antonio
Fechas asociadas al nombre 1909-
9 (RLIN) 5605
245 10 - MENCIÓN DE TÍTULO
Título Canto a la tierra
Resto del título los murales de Diego Rivera en la capilla de Chapingo
Mención de responsabilidad, etc. Antonio Rodríguez.
260 ## - PUBLICACIÓN, DISTRIBUCIÓN, ETC.
Lugar de publicación, distribución, etc. México
Nombre del editor, distribuidor, etc. Universidad Autónoma Chapingo
Fecha de publicación, distribución, etc. 1986
300 ## - DESCRIPCIÓN FÍSICA
Extensión 25 p.
Otras características físicas il. a color, 35 láminas
Dimensiones 27 cm.
500 ## - NOTA GENERAL
Nota general Au139
546 ## - NOTA DE LENGUA/LENGUAJE
Nota de lengua/lenguaje Texto en: español e inglés
600 14 - PUNTO DE ACCESO ADICIONAL DE MATERIA--NOMBRE DE PERSONA
Nombre de persona Rivera, Diego
Fechas asociadas al nombre 1886-1957
Subdivisión general Creación
9 (RLIN) 22914
600 14 - PUNTO DE ACCESO ADICIONAL DE MATERIA--NOMBRE DE PERSONA
Nombre de persona Rivera, Diego
Fechas asociadas al nombre 1886-1957
Subdivisión general Crítica e interpretación
9 (RLIN) 22915
710 2# - PUNTO DE ACCESO ADICIONAL--NOMBRE DE ENTIDAD CORPORATIVA
Nombre de entidad corporativa o nombre de jurisdicción como elemento de entrada Universidad Autónoma Chapingo
9 (RLIN) 22916
902 ## - CATALOGADOR
Iniciales GRL
942 ## - ELEMENTOS DE PUNTO DE ACCESO ADICIONAL (KOHA)
Fuente del sistema de clasificación o colocación Library of Congress Classification
Tipo de ítem Koha Libros
Holdings
Estado de retiro Estado de pérdida Estado dañado No para préstamo Localización permanente Ubicación/localización actual Fecha de adquisición Número de inventario Total de préstamos Signatura topográfica completa Código de barras Fecha visto por última vez Precio válido a partir de Tipo de ítem Koha
El ejemplar forma parte de la colección y puede ser consultado según las políticas vigentes.       Biblioteca Centro de Estudios Ruth D. Lechuga Biblioteca Centro de Estudios Ruth D. Lechuga 11/10/2012 Au139   ND259.R5 .R63 1986 (Au139) GRL00113 22/03/2019 22/03/2019 Libros